Danganronpa Games Quiz - Statistics

General Stats
  • This quiz has been taken 113 times
  • The average score is 4 of 5
Answer Stats
Game Date % Correct
Danganronpa: Trigger Happy Havoc 2010
98%
Danganronpa 2: Goodbye Despair 2012
78%
Danganronpa V3: Killing Harmony 2017
72%
Danganronpa Another Episode: Ultra Despair Girls 2014
53%
Danganronpa S: Ultimate Summer Camp 2021
49%
No matching quizzes found
Score Distribution
Percent of People with Each Score
Percentile by Number Answered
Your Score History
You have not taken this quiz